All Time NBA Lineups - Statistics

General Stats
  • This quiz has been taken 58 times
  • The average score is 114 of 150
Answer Stats
Hint Answer % Correct
SF Larry Bird
98%
SF Dominique Wilkins
93%
RocketsPG James Harden
93%
PF Kevin Durant
93%
PF Kevin Garnett
93%
SG Michael Jordan
93%
SF Scottie Pippen
93%
C Shaquille O'Neal
93%
WarriorsPG Stephen Curry
93%
HawksPG Trae Young
93%
SG Anthony Edwards
91%
ClippersPG | PelicansPG Chris Paul
91%
TrailblazersPG Damian Lillard
91%
SG David Thompson
91%
C | PF Kareem Abdul-Jabbar
91%
CavaliersPG | SG Kyrie Irving
91%
SF LeBron James
91%
C Wilt Chamberlain
91%
C Anthony Davis
88%
SG Baron Davis
88%
C Bill Russell
88%
C Dikembe Mutombo
88%
SG Dwyane Wade
88%
C Hakeem Olajuwon
88%
PistonsPG Isiah Thomas
88%
SF | SG Julius Erving
88%
MavericksPG Luka Doncic
88%
LakersPG Magic Johnson
88%
C Marc Gasol
88%
C Nikola Jokic
88%
PF Pau Gasol
88%
ThunderPG Russell Westbrook
88%
PF Tim Duncan
88%
SpursPG Tony Parker
88%
C David Robinson
86%
PF Dennis Rodman
86%
BullsPG Derrick Rose
86%
PF Dirk Nowitzki
86%
PF Giannis Antetokounmpo
86%
SG John Havlicek
86%
JazzPG John Stockton
86%
PF Karl Malone
86%
PF | SF Kawhi Leonard
86%
PF Kevin McHale
86%
C | PF Moses Malone
86%
C Patrick Ewing
86%
SG Reggie Miller
86%
76ersPG Allen Iverson
84%
CelticsPG Bob Cousy
84%
SG Dennis Johnson
84%
Wizards PG John Wall
84%
PF Kevin Love
84%
SG Kobe Bryant
84%
RaptorsPG Kyle Lowry
84%
PF Larry Johnson
84%
SG Manu Ginobili
84%
SF Marques Johnson
84%
GrizzliesPG Mike Conley
84%
BucksPG | KingsPG Oscar Robertson
84%
SF Paul George
84%
SunsPG Steve Nash
84%
SF Vince Carter
84%
SF Alex English
81%
PF Blake Griffin
81%
SF Clyde Drexler
81%
PF Dwight Howard
81%
SG Gary Payton
81%
NetsPG Jason Kidd
81%
MagicPG Penny Hardaway
81%
HeatPG Tim Hardaway
81%
SG Tracy McGrady
81%
C | PF Alonzo Mourning
79%
PF | SF Carmelo Anthony
79%
PF Charles Barkley
79%
SG DeMar Derozan
79%
SG Ja Morant
79%
C Jermaine O'Neal
79%
PacersPG Tyrese Haliburton
79%
KnicksPG Walt Frazier
79%
PF Wes Unseld
79%
PF Bob Pettit
77%
C Chris Bosh
77%
C Bob McAdoo
74%
C Joel Embiid
74%
C Karl-Anthony Towns
74%
HornetsPG Kemba Walker
74%
SF Ray Allen
74%
C Shawn Kemp
74%
C Brook Lopez
72%
PF Chris Webber
72%
SF Rick Barry
72%
C Bill Walton
70%
SG Joe Dumars
70%
SG Pete Maravich
70%
SF George Gervin
67%
SG Mark Price
67%
PF Willis Reed
67%
C Artis Gilmore
65%
C Zydrunas Ilgauskas
65%
SG Chris Mullin
60%
C DeMarcus Cousins
60%
SF Elvin Hayes
60%
SG Jalen Brunson
60%
SF Jaren Jackson JR
60%
PF LaMarcus Aldridge
60%
SG Sidney Moncrief
60%
PF Zion Williamson
60%
SF Glen Rice
58%
C Mark Eaton
58%
SF Shawn Marion
58%
SF Grant Hill
56%
C Tyson Chandler
56%
SF Adrian Dantley
53%
SG Brandon Roy
51%
C Bob Lanier
49%
SG Eddie Jones
49%
SG Gilbert Arenas
49%
TimberwolvesPG Sam Cassell
49%
NuggetsPG Fat Lever
44%
SF Dolph Schayes
42%
SF Jimmy Butler
42%
SG Mitch Richmond
42%
SF Mark Aguirre
40%
SF Jerry Lucas
30%
C Amar'e Stoudamire
28%
SG World B. Free
28%
SG Derek Harper
26%
PF Mel Daniels
21%
SG Cliff Hagan
19%
SF Jamal Mashburn
19%
No matching quizzes found
Score Distribution
Percent of People with Each Score
Percentile by Number Answered
Your Score History
You have not taken this quiz